Les meilleurs clubs d'Ille et Vilaine - Statistiques

Statistiques générales
  • Ce quiz a été pris 151 fois
  • Le résultat moyen est 16 sur 34
Statistiques - réponses
Hint Réponse % Correct
L1 Stade Rennais FC
100%
N3 Stade Rennais FC 2
100%
N2 US Saint-Malo
84%
R1 US Saint-Malo 2
84%
N3 US Fougères
81%
R2 US Fougères 2
81%
N3 AS Vitré
78%
R2 AS Vitré 2
78%
R1 Redon Atla. Vilaine
68%
R1 OC Cesson
63%
R2 OC Cesson 2
63%
R2 FC Bruz
59%
R2 Dinard FC
50%
N3 TA Rennes
47%
R2 TA Rennes 2
47%
R2 USF St Gregoire 35
43%
R1 US Liffré
43%
N3 CPB Brequigny Rennes
42%
R2 CS Betton
40%
R2 FC Guichen
40%
R2 SC Le Rheu
34%
R2 Pace CO
32%
R2 Stade Castelbourgeois
31%
R1 OC Montauban
28%
R1 Esp. Chartres de Bretagne
24%
R1 Rannée La Guerche
24%
R1 Guipry Messac
23%
R1 Vignoc Hede Guipel
20%
R2 AS Retiers Coesmes
18%
R1 FC Breteil Talensac
18%
R1 Cadet Bains S/Oust
13%
R2 Rennes Beauregard
12%
R2 Eskouadenn B.
7%
R2 St. Malo Chateau Malo
7%
Aucun quiz correspondant
Distribution des résultats
% des personnes avec chaque résultat
Percentile par nombre de réponses
Votre historique - résultats
Vous n’avez pas pris ce quiz